حول تعليم مهارة الحديث للاجنبى
Saved in:
| Main Author: | |
|---|---|
| Other Authors: | |
| Format: | Thesis |
| Language: | Arabic |
| Published: |
خرطوم
: معهد الخرطوم الدولى للغة العربية،
1980
|
| Subjects: | |
| Tags: |
Add Tag
No Tags, Be the first to tag this record!
|
| LEADER | 012330000a22002770004500 | ||
|---|---|---|---|
| 001 | 45693 | ||
| 005 | 20091201114200.0 | ||
| 008 | 921103s1980 ara | ||
| 035 | |a (Sirsi) 45693 | ||
| 040 | |a UIAM |b eng | ||
| 050 | |a PJ6066 | ||
| 100 | 1 | |a مك، أم سلمى محمد على | |
| 242 | 1 | 0 | |a Bahth Hawla ta'lim maharat al-hadith lil-ajnabi / |c i'dad Umm Salama Muhammad 'Ali al-Makk; ishraf 'Abbas Siraj |
| 245 | 1 | 0 | |a حول تعليم مهارة الحديث للاجنبى |
| 260 | 1 | |a خرطوم |b : معهد الخرطوم الدولى للغة العربية، |c 1980 | |
| 300 | |a 79 p. | ||
| 502 | |a Dip. - Ma'had al-Khurtum al-Dawli lil-Lughat al'Arabiyah, 1980 | ||
| 596 | |a 1 | ||
| 650 | 0 | |a Arabic language |x Study and teaching Foreign students | |
| 655 | 0 | 7 | |a Theses, non-IIUM |
| 700 | 1 | |a Makk, Umm Salma Muhammad 'Ali | |
| 710 | 1 | |a Ma'had al-Khartum al-Dawli lil-Lughah al-'Arabiyah | |
| 900 | |a bal-khs | ||
| 999 | |c 429879 |d 461370 | ||
| 952 | |0 0 |6 T PJ6066M235H |7 0 |8 THESES |9 748783 |a IIUM |b IIUM |c MULTIMEDIA |g 0.00 |o t PJ6066M235H |p 00000145212 |r 2017-10-19 |t 2 |v 0.00 |y THESIS | ||
| 952 | |0 0 |6 LU T PJ6066M235H |7 0 |8 THESES |9 748784 |a IIUM |b IIUM |c CLOSEACCES |g 0.00 |o lu t PJ6066M235H |p 00000205667 |r 2017-10-25 |t 1 |v 0.00 |y THESIS | ||
